000 00660cam a2200205 4500
001 WB3602-15
008 000000n2000 000 0 eng u
035 _a(Sirsi) u103582
245 _aCancer shadow lifted
260 _c2000
490 _aBirmingham Post
_v13 January 2000, 4(1)
520 _aA study by the University of Birmingham has found that people living near a television mast in the Midlands do not face a greater risk of contracting cancer.
590 _aWB
650 _aELECTROMAGNETIC FIELDS
650 _aCANCER
650 _aHEALTH HAZARDS
650 _aTELECOMMUNICATIONS MASTS
690 _aHealth and safety
_96244
942 _n0
999 _c62219
_d62219